| 000 | 01073nac a22003011i 4500 | ||
|---|---|---|---|
| 003 | EG-ScBUE | ||
| 005 | 20230102110652.0 | ||
| 008 | 230102b |||||||| |||| 00| 0 eng d | ||
| 020 | _a1876907169 (v. 1) | ||
| 020 | _a9791876907166 (v. 1) | ||
| 040 |
_aEG-ScBUE _beng _erda _cEG-ScBUE _dEG-ScBUE |
||
| 043 | _aa------ | ||
| 082 | 0 | 4 |
_a729.095 _222 _bINT |
| 245 | 0 | 0 |
_aInterior spaces of Asia and the Pacific Rim : _ba pictorial review. _nvolume 1. |
| 264 | 1 |
_aMelbourne, Victoria : _bImages Publishing Group, _c2001. |
|
| 300 |
_a224 pages : _bcolor illustrations ; _c30 cm |
||
| 336 |
_2rdacontent _atext _btxt |
||
| 337 |
_2rdamedia _aunmediated _bn |
||
| 338 |
_2rdacarrier _avolume _bnc |
||
| 500 | _aIncludes index. | ||
| 650 | 7 |
_aInterior architecture _zAsia _vPictorial works. _2BUEsh |
|
| 650 | 7 |
_aInterior architecture _zPacific Area _vPictorial works. _2BUEsh |
|
| 650 | 7 |
_aInterior decoration _zAsia _vPictorial works. _2BUEsh |
|
| 650 | 7 |
_aInterior decoration _zPacific Area _vPictorial works. _2BUEsh |
|
| 653 | _bART | ||
| 655 | _vReading book | ||
| 942 |
_cBB _2ddc |
||
| 999 |
_c3557 _d3557 |
||